| 000 | 01156 a2200217 4500 | ||
|---|---|---|---|
| 001 | 43011 | ||
| 005 | 20260407155715.0 | ||
| 008 | 260407a1972 arg spa d | ||
| 003 | AR-UNSa-BCEJYS | ||
| 040 |
_aAR-UNSa-BCEJYS _bspa _cAR-UNSa-BCEJYS |
||
| 080 |
_a911.3:33 _xGeografía económica |
||
| 245 | 1 | 0 |
_aTratado de geografía económica _pprimera parte |
| 264 | 1 |
_aBuenos Aires : _bEdiciones Macchi _c1972 |
|
| 300 |
_a694 p. _c22 cm. |
||
| 505 | _ao. Introducción - 1. Bases doctrinarias - 2. Principios generales en que se basa la geografia económica - 3. Fundamentos teleológicos del proceso o actividad económica - 4. Los condicionantes fisiogeográficos o naturales del proceso o actividad económica. Concepto. Clasificación - 5. El hombre y el proceso productivo - 6. El instrumental económico y el instrumental financiero - 7. La infraestructura energética - 8. El agua. Su trascendencia humana y económica - 9. Infraestructura para el transporte y las comunicaciones - | ||
| 041 | _aspa | ||
| 942 | _cBK | ||
| 590 | _aniveau_biblio:m niveau_hierar:0 | ||
| 100 | 1 | _aDozo, Servando Ramón Manuel | |
| 700 | 1 | _aGarcía Firbeda, Miguel | |
| 999 |
_c3648 _d3648 |
||